000 00678nam a2200265Ia 4500
005 20260302115605.0
008 008 260114s9999 xx 000 0 eng d
020 _a9781408183885
037 _aTextbook
040 _aCRL
040 _beng
040 _cCRL
041 _2eng
041 _aeng
084 _qCRL
100 _aDavid Ian Rabey
_91122082
245 4 _aThe Theatre and Films of Jez Butterworth
260 _bBloomsbury
260 _bMethuen Drama
260 _c2015
650 _aLiterary Studies
856 _uhttps://doi.org/10.5040/9781408183885?locatt=label:secondary_bloomsburyCollections
942 _cEBOOK
999 _c1686764
_d1686764